| 000 | 01036cam a2200253 4500 | ||
|---|---|---|---|
| 001 | ##L127095 | ||
| 002 | ##6851 | ||
| 008 | 000000n2003 000 0 eng u | ||
| 020 | _a1842191217 | ||
| 035 | _a(Sirsi) u120795 | ||
| 041 | 0 | _aeng | |
| 050 | 0 | 4 | _a333.3307 $2 18 |
| 100 | 1 | _aWilkinson, John | |
| 245 | 0 | 4 |
_aThe APC _byour practical guide to success |
| 250 | _a2nd ed. | ||
| 260 |
_aLondon _bRICS _c2003 |
||
| 300 |
_axiv, 96p. _c21cm. |
||
| 350 | _a16.50 | ||
| 520 | _aA second, revised edition of this essential guide to the APC, which is officially endorsed by RICS. Aimed at candidates who have enrolled since July 2002 and based on the author's experiences, the guide covers the whole process from enrolment to final interview, including referral and the appeal system. | ||
| 520 | _aSupersedes first edition (ISBN 1842190377). | ||
| 520 | _aSuperseded by third edition (ISBN 9781842193105). | ||
| 690 | _aCAREERS, EDUCATION AND TRAINING-QUALIFICATION ROUTES-ASSESSMENT OF PROFESSIONAL COMPETENCE | ||
| 942 | _n0 | ||
| 999 |
_c102566 _d102566 |
||